1673 1023 1371 1136 1080 1420 1551 1131 1871 1953 1382 1543 1388 1729 1919 1777 1915 1553 1802 1182 1445 1773 1357 1942 1423 1860 1017 1379 1031 1980 1675 1542 1556 1875 1785 1240 1660 1225 1917 1244 1061 1144 1507 1484 1631 1490 1219 1895 1126 1133 1827 1140 1387 1503 1532 1644 1852 1672 1311 1899 1619 1247 1419 1614 1912 1456 1120 1224 1961 1812 1474 1085 1243 1685 1913 1496 1971 1371 1886 1935 1732 1535 1986 1360 1486 1440 1626 1285 1283 1423 1552 1728 1662 1912 1083 1345 1235 1667 1639 BCNSPRNW ULIB Ver.6.0+V

เปลี่ยนเป็นภาษาไทย

Change to English
 แสดงรายละเอียดบรรณานุกรม
  กลับหน้าหลัก

Brief Record : Get Marc (ISO 2709) : E-mail record : QR code < ปิดหน้าต่าง
LEADER : 00000nam 2200000uu 4500
001    13399122710
003     ULIB
008    020711s2555 th a 000 0 tha d
020    9789742473709
050  4 DS520^bป533ร
100    ปัทมาพร คำโท
245    เราคืออาเซียน-- ไทย /^cปัทมาพร คำโท
250    พิมพ์ครั้งที่ 4
260    กรุงเทพฯ :^bอมรินทร์คอมมิกส์,^c2555
300    61 หน้า
440  0 ชุด เราคืออาเซียน
650  7 ประชาคมอาเซียน
650  7 อาเซียน
650  7 ไทย
945    ^p75^l0^i20149
999    ^aทศพร เกษรทอง
รายการนี้ยังไม่มีแท็ก
คุณยังไม่ได้ล็อกอิน คุณสามารถมีกิจกรรมร่วมกับเว็บไซต์ได้ แต่ต้องล็อกอินก่อน ::
  ล็อกอิน

รายการสื่อสารสนเทศ

ลำดับที่ ประเภท เลขเรียก/บาร์โค้ด สถานที่ สถานะ
1. การศึกษาทั่วไป
การศึกษาทั่วไป
DS520 ป533ร ฉ.1 
  Barcode: 20149
ห้องสมุดวิทยาเขตนครสวรรค์
►หนังสือทั่วไป:l:General Books
บนชั้น

รายการใกล้เคียง
    ผู้แต่ง [ปัทมาพร คำโท]

    หัวเรื่อง [ประชาคมอาเซียน]
    หัวเรื่อง [อาเซียน]
    หัวเรื่อง [ไทย]

BibComment


ยังไม่เคยถูกคอมเมนท์

คอมเมนท์ทรัพยากรรายการนี้
  คอมเมนท์: เราคืออาเซียน ไทย..


 Copyright 2026. Bcnsprnw @Library